000 02674nam a2200481 c 4500
003 BLK
005 20220319133200.0
008 180408b bul|||||r ||||||| ||bul||
010 _aKNG00072154000
020 _a954-792-109-6
_bиздат.: СКОРПИО ви
040 _aBLK
041 _aBUL
_cBUL
072 7 _2bullib
_aЛ01
_xЗаболявания
072 7 _2bullib
_aЛ04
_xЛечебно хранене
080 _aБолести на артериите - Атеросклероза, аневризма, васкулити, артерит, коронарна болест на сърцето, артериосклероза и др.
_b616.13
_x(02.062)
_z616.13(02.062)
080 _aХигиена на храненето. Режим на храненето. Вж и 612.39 ; 614.3 ; 615.874 ; 641
_b613.2
_x(02.062)
_z613.2(02.062)
080 _aДиетотерапия. Усилено и органично хранене, диети, богати на тлъстини, на минерали и др.
_b615.874
_x(02.062)
_z615.874(02.062)
080 _aДиетично хранене за здрави хора
_b641.561
_x(083.1)
_z641.561(083.1)
100 1 _aВасилева, Александра Владимировна
_eпърви автор
_9276995
700 1 _aЧекурова, Галина
_eпрев. от рус.
_9141202
139 _aВасилева, Александра Владимировна
_bВ 24
245 1 0 _aАтеросклерозата
_bКак да се предпазим от "ръждата на живота"
_cАлександра Владимировна Василева; прев. от рус. Галина Чекурова.
257 _aRUS
260 София
_bСКОРПИО ви
_c2003
300 _a175 с.
_bс табл.
_c24 см
380 _a61
490 1 _aПоредица Здраве, дълголетие, естествено оздравяване
500 _aОриг. загл. Атеросклероз : как избавиться от "ржавчины жизни" / Александра В. Васильева.
650 4 _aАтеросклероза
_9147820
650 4 _aХранене - хигиена
_9244313
650 4 _aЛечебно хранене
_9244312
650 4 _aГотварство - рецепти
_9241856
653 _aатеросклероза
653 _aхигиена на храненето
653 _aлечебно хранене
653 _aготварски рецепти
659 _aЛ
852 _aЦб 231824
856 4 _qpdf
_u
856 4 _qpdf
_u
942 _cKNG
_n0
_01
944 _aCR
_c26.02.2007
_lф /
_kЛюдмила_Стоянова
944 _aED
_c18.12.2012
_lф /
_k
999 _c67840
_d67840